Muttamil Mukkani (Record no. 249451)

MARC details
000 -LEADER
fixed length control field 00357nam a22001457a 4500
008 - FIXED-LENGTH DATA ELEMENTS--GENERAL INFORMATION
fixed length control field 260219b |||||||| |||| 00| 0 eng d
100 ## - MAIN ENTRY--PERSONAL NAME
Personal name Perumalsamy Ra
245 ## - TITLE STATEMENT
Title Muttamil Mukkani
Statement of responsibility, etc Perumalsamy
250 ## - EDITION STATEMENT
Edition statement 1st
260 ## - PUBLICATION, DISTRIBUTION, ETC. (IMPRINT)
Place of publication, distribution, etc Chennai
Name of publisher, distributor, etc Valluvan Pathipagam
Date of publication, distribution, etc 2004
650 ## - SUBJECT ADDED ENTRY--TOPICAL TERM
Form subdivision General
General subdivision Tamil
942 ## - ADDED ENTRY ELEMENTS (KOHA)
Item type Books
Holdings
Withdrawn status Lost status Damaged status Permanent location Current location Shelving location Date acquired Source of acquisition Cost, normal purchase price Full call number Barcode Date last seen Koha item type
      CENTRAL LIBRARY, NOORUL ISLAM CENTRE FOR HIGHER EDUCATION CENTRAL LIBRARY, NOORUL ISLAM CENTRE FOR HIGHER EDUCATION General stacks 02/19/2026 Gift Books 60.00 894.811 P4 85190 02/19/2026 Books
Visitors:
Copyright © 2024 Central Library NICHE.  All rights reserved.